000093044 001__ 93044 000093044 005__ 20200717143212.0 000093044 037__ $$aGDOC-2019-30517 000093044 041__ $$aspa 000093044 041__ $$aeng 000093044 100__ $$0(orcid)0000-0002-2547-0864$$1539821$$aMARÍA GÁLLEGO, LANAU 000093044 24500 $$930517$$aDerecho Mercantil I 000093044 24200 $$930517$$aMercantile law I 000093044 260__ $$aZaragoza$$bUniversidad de Zaragoza$$c2019-2020 000093044 521__ $$9154$$aPrograma conjunto en ADE/DERECHO (Grados)$$bJoint Law - Business Administration and Management Programme 000093044 540__ $$aby-nc-sa$$bCreative Commons$$c3.0$$uhttp://creativecommons.org/licenses/by-nc-sa/3.0/ 000093044 700__ $$0(orcid)0000-0002-0277-1939$$1386471$$aMARÍA RITA LARGO, GIL 000093044 830__ $$9432 000093044 8564_ $$s10136$$uhttps://zaguan.unizar.es/record/93044/files/guia-30517-en.pdf$$yGuide (english) 000093044 8564_ $$s25830$$uhttps://zaguan.unizar.es/record/93044/files/guia-30517-es.pdf$$yGuía (idioma español) 000093044 970__ $$aGDOC-2019-30517 000093044 980__ $$aGDOC$$bCiencias Sociales y Jurídicas$$bSocial Sciences and Law$$c102